| 000 | 00750nam a22002177a 4500 | ||
|---|---|---|---|
| 999 |
_c10526 _d10526 |
||
| 003 | AR-CdUCM | ||
| 008 | 190401b ||||| |||| 00| 0 spa d | ||
| 040 |
_aMUNICIPALIDAD PROVINCIAL DEL CUSCO _cBIBLIOTECA MUNICIPAL DEL CUSCO |
||
| 082 |
_25ed. _a970 / _bSA22 / 1944 |
||
| 100 |
_aSanchez, Luis Alberto _91008 |
||
| 245 | _aHistoria General de América / | ||
| 260 |
_aChile : _bErcilla, _c1944. |
||
| 300 |
_a423 páginas ; _bmapas, _c21 cm. |
||
| 505 | _aContenido: t.1: Generalidades -- Las dos Américas -- América aborigen -- La conquista Europea -- La colonia. | ||
| 650 |
_aHistoria _9136 |
||
| 650 |
_aÉpoca prehispánica _92714 |
||
| 650 |
_aAmérica _91348 |
||
| 650 |
_aÉpoca colonial _91374 |
||
| 942 |
_2ddc _cLIBROS |
||
| 945 | _aachl | ||